000 00524nam a2200193 i 4500
001 C2-0303056
003 PPAK
005 20180729001019.0
008 100311s2006 xxu|||| ||||| | eng d
040 _aPPAK
_beng
_cPPAK
_erda
245 0 0 _aGone with the wind
264 1 _aUnited States :
_bAlliance Entertainment (M) Sdn. Bhd. ,
_c2006
336 _2rdacontent
_atext
337 _2rdamedia
_aunmediated
338 _2rdacarrier
_avolume
700 _eauthor
700 0 _aVivien Leigh,
_ecompile
942 _2ddc
_cVCD
999 _c166019
_d166019